[Event "Czech GM Open A"]
[Site "Pardubice CZE"]
[Date "2011.07.25"]
[Round "4.51"]
[White "Plat,V"]
[Black "Goryachkina,A"]
[Result "1/2-1/2"]
[WhiteElo "2410"]
[BlackElo "2153"]

1.Nf3 d5 2.c4 c6 3.e3 Nf6 4.Nc3 e6 5.d4 Nbd7 6.Bd3 dxc4 7.Bxc4 b5 8.Bd3 Bd6
9.e4 e5 10.d5 cxd5 11.Nxb5 Bb4+ 12.Bd2 Bxd2+ 13.Nxd2 Nc5 14.Qc2 Nxd3+ 15.Qxd3 O-O
16.exd5 Qxd5 17.Qxd5 Nxd5 18.Na3 Ba6 19.Ndc4 Rac8 20.b3 Nb6 21.Ne3 Bd3 22.f3 f5
23.Kf2 f4 24.Ng4 Rc5 25.Rhd1 Bf5 26.b4 Rc3 27.Nb5 Rc2+ 28.Kg1 a6 29.Na3 Rc3
30.Nb1 Rc2 31.Na3 Rc3 32.Nb1 Rc2 33.Nd2 Bxg4 34.fxg4 Rd8 35.Nf3 Rxd1+ 36.Rxd1 Nc4
37.Rd8+ Kf7 38.Rc8 Ke6 39.Rc6+ Kd5 40.Rc5+ Ke4 41.h4 Rc3 42.Nxe5 Kd4 43.Nf3+ Kd3
44.a4 Rc1+ 45.Kh2 Ra1 46.Rd5+ Kc3 47.Rc5 Kxb4 48.Rf5 Kxa4 49.Rxf4 Kb3 50.Rf7 a5
51.Rxg7 a4 52.Rxh7 Rd1 53.Rb7+ Kc3 54.h5 a3 55.Ra7 Kb2 56.h6 a2 57.h7 Rd8
58.g5 Na3 59.g6 Rh8 60.Ng5 a1=Q 61.g7 Rxh7+ 62.Nxh7 Qe1 63.Rb7+ Kc2 64.g8=Q Qh4+  1/2-1/2

[Event "Czech GM Open A"]
[Site "Pardubice CZE"]
[Date "2011.07.25"]
[Round "4.95"]
[White "Mueller,Fab"]
[Black "Engelmann,J"]
[Result "1-0"]
[WhiteElo "2314"]
[BlackElo "2213"]

1.d4 d5 2.c4 c6 3.Nf3 Nf6 4.Nc3 e6 5.e3 Nbd7 6.Qc2 Bd6 7.b3 O-O 8.Bb2 b6
9.Bd3 Bb7 10.O-O Qe7 11.Rfe1 c5 12.cxd5 exd5 13.e4 dxe4 14.Nxe4 Nxe4 15.Bxe4 Bxe4
16.Rxe4 Qd8 17.dxc5 Nxc5 18.Rg4 f6 19.b4 Nb7 20.Rxg7+ Kxg7 21.Ng5 Bxh2+ 22.Kxh2 Qd6+
23.g3 Rh8 24.Rd1 Qe7 25.Qf5 Nd6 26.Ne6+ Kf7 27.Rxd6 Ke8 28.Qh5+  1-0

[Event "5th AD San Juan Open"]
[Site "Pamplona ESP"]
[Date "2011.07.26"]
[Round "3"]
[White "Almeida Quintana,O"]
[Black "Moen,A"]
[Result "1-0"]
[WhiteElo "2548"]
[BlackElo "2333"]

1.d4 d5 2.Nf3 Nf6 3.c4 c6 4.Nc3 e6 5.e3 Nbd7 6.Qc2 Bd6 7.Bd3 dxc4 8.Bxc4 b5
9.Be2 Bb7 10.O-O O-O 11.Rd1 Qb8 12.e4 e5 13.dxe5 Nxe5 14.g3 b4 15.Nxe5 Bxe5
16.Na4 c5 17.Bf3 Rc8 18.a3 b3 19.Qxb3 Bxe4 20.Qxb8 Raxb8 21.Bxe4 Nxe4 22.Kg2 Bd4
23.Bf4 Rxb2 24.Nxb2 Bxb2 25.Rab1 Nc3 26.Rxb2 Nxd1 27.Rc2 c4 28.Kf3 c3 29.Be5 f6
30.Bd4 Rc4 31.Bxa7 Kf7 32.Be3 Ke6 33.Bc1 Kd6 34.Ke2 Rd4 35.Bf4+ Kc5 36.Rc1 g5
37.Rxd1 gxf4 38.Rxd4 Kxd4 39.Kd1 fxg3 40.fxg3 Kd3 41.g4 Ke4 42.a4 Kd4 43.Kc2 Kc4
44.a5 Kb5 45.Kxc3 Kxa5 46.Kc4  1-0

[Event "Czech GM Open A"]
[Site "Pardubice CZE"]
[Date "2011.07.26"]
[Round "5.57"]
[White "Goryachkina,A"]
[Black "Antipov,M2"]
[Result "0-1"]
[WhiteElo "2153"]
[BlackElo "2407"]

1.d4 Nf6 2.c4 c6 3.Nc3 d5 4.Nf3 e6 5.e3 Nbd7 6.Qc2 Bd6 7.Bd3 O-O 8.O-O dxc4
9.Bxc4 b5 10.Bd3 Bb7 11.e4 e5 12.h3 a6 13.dxe5 Nxe5 14.Nxe5 Bxe5 15.Be3 Nh5
16.Rad1 Qf6 17.Ne2 Nf4 18.Nxf4 Bxf4 19.Bxf4 Qxf4 20.b4 Rad8 21.Qc5 Rd6 22.Bc2 Rg6
23.Rd3 Bc8 24.Rfd1 Qh4 25.Qe3 Qe7 26.a3 h6 27.f4 Re8 28.f5 Rf6 29.g4 Kh7
30.e5 c5 31.Re1 Qc7 32.bxc5 Bb7 33.Rc3 a5 34.Qf4 Kg8 35.Ree3 b4 36.axb4 axb4
37.Qxb4 Rxe5 38.Qf4 Qc6 39.Qg3 Rxe3 40.Rxe3 Qxc5 41.Qf2 Kh7 42.Be4 Bxe4 43.Rxe4 Qc6
44.Qg2 Rd6 45.Rf4 Qc5+ 46.Kh1 Qe3 47.Rf3 Rd1+ 48.Rf1 Rd3 49.Rf2 Qc1+ 50.Rf1 Qc3
51.Qf2 Rxh3+ 52.Kg1 Rd3 53.Kh1 Qc4 54.Qg2 Rd4 55.Rg1 Rf4 56.Qg3 Qe4+ 57.Kh2 Rf3
58.Qd6 Rf2+ 59.Kh3 Qe3+ 60.Rg3 Qe1 61.Qf4 Qh1+  0-1

[Event "98th ch-GBR"]
[Site "Sheffield ENG"]
[Date "2011.07.26"]
[Round "2.23"]
[White "Mason,D"]
[Black "Yap,J"]
[Result "1/2-1/2"]
[WhiteElo "2237"]
[BlackElo "2029"]

1.d4 d5 2.c4 c6 3.Nf3 Nf6 4.Nc3 e6 5.e3 Nbd7 6.Bd3 dxc4 7.Bxc4 b5 8.Bb3 Bb7
9.O-O a6 10.e4 c5 11.e5 cxd4 12.Qxd4 Bc5 13.Qh4 Ne4 14.Qg4 Nxc3 15.bxc3 g6
16.Bg5 h5 17.Qh3 Be7 18.Qg3 Bxf3  1/2-1/2

[Event "15th Godesburg Open"]
[Site "Bad Godesberg GER"]
[Date "2011.07.27"]
[Round "5.8"]
[White "Ter Steeg,M"]
[Black "Saglam,K"]
[Result "1-0"]
[WhiteElo "1858"]
[BlackElo "2137"]

1.d4 Nf6 2.c4 c6 3.Nc3 d5 4.e3 e6 5.Nf3 Nbd7 6.b3 Bd6 7.Bd3 O-O 8.Bb2 Qe7
9.O-O e5 10.dxe5 Nxe5 11.Nxe5 Qxe5 12.g3 Bg4 13.Nxd5 Qxd5 14.cxd5 Bxd1 15.Raxd1 Nxd5
16.Bc4 Bb4 17.Bxd5 cxd5 18.Rxd5 Rfc8 19.Rb5 a5 20.a3 Bf8 21.Rc1 Rxc1+ 22.Bxc1 Rd8
23.Kg2 Rd1 24.Bb2 Rb1 25.Bc3 a4 26.Rxb7 Rxb3 27.Rxb3 axb3 28.a4 Bb4 29.Bb2 f5
30.Kf3 Kf7 31.Ke2 g5 32.Kd3 Ke6 33.Kc4 Be1 34.f3 h5 35.Kxb3 g4 36.fxg4 fxg4
37.Kc4 Bf2 38.Kd3 Bg1 39.Ke2 Kd5 40.a5 Kc4 41.Bc3 Kb5 42.Bd2 Bxh2 43.Kf2 h4
44.gxh4 Kc4 45.h5 Be5 46.a6 Bb8 47.h6  1-0

[Event "Czech GM Open A"]
[Site "Pardubice CZE"]
[Date "2011.07.27"]
[Round "6.1"]
[White "Panchanathan,M"]
[Black "Stefansson,H"]
[Result "0-1"]
[WhiteElo "2556"]
[BlackElo "2546"]

1.d4 d5 2.Nf3 Nf6 3.c4 c6 4.Nc3 e6 5.e3 Nbd7 6.Qc2 b6 7.b3 Bb7 8.Be2 Be7
9.O-O O-O 10.Bb2 Qc7 11.Rad1 Rfd8 12.Rfe1 Rac8 13.Bd3 h6 14.Qe2 Re8 15.Bb1 c5
16.cxd5 exd5 17.Bf5 Rcd8 18.Rc1 Bf8 19.Red1 Bc6 20.Qa6 Nb8 21.Qf1 Nbd7 22.Bd3 Ne4
23.Bb5 Ndf6 24.h3 Re6 25.Na4 Bxb5 26.Qxb5 c4 27.bxc4 Nxf2 28.Ne5 Nxd1 29.cxd5 Rxd5
30.Qb3 Qd8 31.Nxf7 Kxf7 32.Rxd1 Ne4 33.Rf1+ Kg8 34.Nc3 Nxc3 35.Bxc3 Qd7  0-1

[Event "Lake Sevan GM"]
[Site "Martuni ARM"]
[Date "2011.07.28"]
[Round "7.5"]
[White "Pashikian,A"]
[Black "Andriasian,Z"]
[Result "1-0"]
[WhiteElo "2616"]
[BlackElo "2616"]

1.d4 d5 2.c4 c6 3.Nc3 Nf6 4.e3 e6 5.Nf3 Nbd7 6.Qc2 Bd6 7.Bd3 dxc4 8.Bxc4 O-O
9.O-O b5 10.Bd3 Bb7 11.a3 Qe7 12.e4 e5 13.Bg5 h6 14.Bh4 Rad8 15.Rad1 g5 16.Bg3 Nh5
17.Ne2 Nf4 18.h3 Bb8 19.b4 a6 20.Rfe1 Rfe8 21.Nxf4 exf4 22.Bh2 Nf8 23.e5 Ne6
24.Qe2 Qf8 25.Bb1 Ba7 26.g3 fxg3 27.Bxg3 Qg7 28.Qe3 Re7 29.Rd2 Red7 30.Red1 h5
31.Bf5 g4 32.hxg4 hxg4 33.Nh2 Nxd4 34.Nxg4 Nf3+ 35.Qxf3 Rxd2 36.Rxd2 Rxd2
37.e6 f6 38.Be4 Bd4 39.Kh2 Bc8 40.Bf5 Qh8+ 41.Kg2 Qg7 42.Qf4 Rd1 43.Nh6+ Kf8
44.Qb8 Qxh6 45.Bd6+ Kg7 46.Qc7+ Kg8 47.Qxc8+  1-0

[Event "5th AD San Juan Open"]
[Site "Pamplona ESP"]
[Date "2011.07.28"]
[Round "5"]
[White "Almeida Quintana,O"]
[Black "Solodovnichenko,Y"]
[Result "1/2-1/2"]
[WhiteElo "2548"]
[BlackElo "2615"]

1.d4 d5 2.Nf3 Nf6 3.c4 e6 4.Nc3 c6 5.e3 Nbd7 6.Qc2 Bd6 7.Bd3 e5 8.cxd5 cxd5
9.Nb5 Bb8 10.dxe5 Nxe5 11.Nxe5 Bxe5 12.Bd2 O-O 13.Bc3 Bxc3+ 14.Qxc3 Bd7 15.Nd4 Ne4
16.Bxe4 dxe4 17.O-O Rc8 18.Qb4 Qc7 19.h3 b6 20.Rfd1 Qe5 21.Rac1 Qg5 22.Kh2 Qe5+
23.Kh1 Qf6 24.Kg1 Qg5 25.Kh2 Qe5+ 26.Kh1 Qf6 27.Kg1 Qg5  1/2-1/2

[Event "TCh-POR 1st Div"]
[Site "Torres Vedras POR"]
[Date "2011.07.28"]
[Round "6.4"]
[White "Dias,P"]
[Black "Swinkels,R"]
[Result "1/2-1/2"]
[WhiteElo "2434"]
[BlackElo "2483"]

1.d4 d5 2.c4 c6 3.Nf3 Nf6 4.Nc3 e6 5.e3 Nbd7 6.Qc2 Bd6 7.g4 h6 8.Rg1 e5 9.cxd5 Nxd5
10.dxe5 Nxe5 11.Nxe5 Bxe5 12.Qe4 Qe7 13.Nxd5 cxd5 14.Bb5+ Kf8 15.Qxd5 Bxh2
16.Rg2 Be6 17.Qe4 Qc5 18.Rxh2 Qxb5 19.Rh5 Qd7 20.Bd2 Rd8 21.Bb4+ Kg8 22.f3 Qd3
23.Qxd3 Rxd3 24.Ke2 Rd5 25.Rxd5 Bxd5 26.e4 Be6 27.b3 Kh7 28.Rc1  1/2-1/2

[Event "11th Curacao Open"]
[Site "Curacao AHO"]
[Date "2011.07.29"]
[Round "7"]
[White "Lopez,Ja"]
[Black "Ostrovskiy,Al"]
[Result "0-1"]
[WhiteElo "2127"]
[BlackElo "2294"]

1.d4 d5 2.c4 c6 3.Nf3 Nf6 4.Nc3 e6 5.e3 Nbd7 6.Bd3 dxc4 7.Bxc4 b5 8.Bd3 Bb7
9.O-O a6 10.a4 b4 11.Nb1 c5 12.Nbd2 Be7 13.a5 O-O 14.Qe2 cxd4 15.exd4 Nd5
16.Nc4 Qc7 17.Nfe5 Nxe5 18.Nxe5 Bd6 19.Bd2 f6 20.Nf3 Rfe8 21.Rfc1 Qf7 22.Qe4 g6
23.Qe2 Qd7 24.Rd1 Bc7 25.h4 Qd6 26.h5 g5 27.g3 Re7 28.Be1 Nf4 29.Qe3 Nxd3
30.Rxd3 Qd5 31.Bxb4 Rf7 32.Kh2 g4 33.Nh4 Qxh5 34.Kg1 Qd5 35.Kh2 f5 36.Qg5+ Rg7
37.Qf6 Re7 38.Re1 Rg7 39.Qxf5 exf5 40.Re8+ Kf7  0-1

[Event "Czech GM Open A"]
[Site "Pardubice CZE"]
[Date "2011.07.29"]
[Round "8.9"]
[White "Gavrilov,Al1"]
[Black "Grigoriants,S RUS"]
[Result "1/2-1/2"]
[WhiteElo "2481"]
[BlackElo "2566"]

1.d4 Nf6 2.c4 e6 3.Nf3 d5 4.Nc3 c6 5.e3 Nbd7 6.Qc2 Bd6 7.Bd3 O-O 8.O-O dxc4
9.Bxc4 b5 10.Bd3 Bb7 11.Rd1 Qb8 12.a3 c5 13.Nxb5 Bxf3 14.gxf3 Bxh2+ 15.Kg2 a6
16.Rh1 axb5 17.Rxh2 h6 18.dxc5 Qe5 19.Bd2 Qxc5 20.Rc1 Qb6 21.Be2 Rfd8 22.Rhh1 Nf8  1/2-1/2

[Event "Czech GM Open A"]
[Site "Pardubice CZE"]
[Date "2011.07.29"]
[Round "8.59"]
[White "Dann,M"]
[Black "Kyas,P"]
[Result "1-0"]
[WhiteElo "2373"]
[BlackElo "2017"]

1.c4 e6 2.Nc3 d5 3.e3 Nf6 4.Nf3 c6 5.d4 Nbd7 6.Qc2 Bd6 7.b3 O-O 8.Bd3 Re8
9.Bb2 e5 10.dxe5 Nxe5 11.Nxe5 Bxe5 12.cxd5 cxd5 13.Ne2 Bg4 14.Bxe5 Bxe2 15.Bxf6 Bxd3
16.Qxd3 Qxf6 17.O-O Rad8 18.Rad1 Re7 19.Qc2 Red7 20.Rd4 Qg6 21.Qd2 f5 22.Rc1 Qd6
23.b4 g6 24.h3 a6 25.Rc5 b6 26.Rc3 Rc7 27.Rxc7 Qxc7 28.Rxd5 Rxd5 29.Qxd5+ Kg7
30.g4 fxg4 31.hxg4 a5 32.b5 Kf6 33.Kg2 Kg7 34.f4 Qc2+ 35.Kf3 h5 36.gxh5 gxh5
37.Qb7+ Kf8 38.Qxb6 Qd1+ 39.Ke4 Qc2+ 40.Ke5 h4 41.Qf6+ Ke8 42.Qe6+ Kd8 43.b6 Qb2+
44.Kf5 h3 45.Qd6+ Ke8 46.Qc6+ Ke7 47.Qc7+ Ke8 48.b7 Qb1+ 49.Kg5 Qg1+ 50.Kh6  1-0

[Event "15th Godesburg Open"]
[Site "Bad Godesberg GER"]
[Date "2011.07.30"]
[Round "8.6"]
[White "Kopp,J"]
[Black "Broehl,S"]
[Result "1/2-1/2"]
[WhiteElo "2097"]
[BlackElo "2148"]

1.d4 d5 2.c4 c6 3.e3 Nf6 4.Nc3 e6 5.Nf3 Nbd7 6.Bd3 dxc4 7.Bxc4 b5 8.Bd3 a6
9.O-O c5 10.Bc2 Bb7 11.Re1 Qb6 12.a4 b4 13.dxc5 Qa7 14.c6 Bxc6 15.Nd4 Bb7
16.Nce2 Bc5 17.Nb3 Rd8 18.Ng3 Bb6 19.Qe2 h5 20.a5 Bc7 21.Nf1 h4 22.h3 Nc5
23.Bd2 Nxb3 24.Bxb3 Bd6 25.e4 Bxe4 26.Be3 Qa8 27.Bb6 Rc8 28.Rad1 Bc5 29.Ne3 O-O
30.f3 Bg6 31.Bxc5 Rxc5 32.Rd4 Qb7 33.Nc4 Rh5 34.Qf2 Qa7 35.Ne5 Bf5 36.Ng4 Bxg4
37.hxg4 Rb5 38.g5 Rxg5 39.Rxh4 Qxf2+ 40.Kxf2 Rb8 41.Reh1 Kf8 42.Rh8+ Ng8
43.Rc1 Rxa5 44.Rc7 Rg5 45.Bc2 g6 46.Rh7 Ne7 47.Rh8+ Ng8 48.Rh7  1/2-1/2

[Event "Helmut-Kohls-Turnier 2011"]
[Site "Dortmund GER"]
[Date "2011.07.30"]
[Round "8"]
[White "Bluebaum,M"]
[Black "Van Kampen,R"]
[Result "1/2-1/2"]
[WhiteElo "2329"]
[BlackElo "2519"]

1.d4 d5 2.c4 c6 3.Nc3 Nf6 4.e3 e6 5.Nf3 Nbd7 6.Bd3 dxc4 7.Bxc4 b5 8.Bd3 a6
9.e4 c5 10.d5 c4 11.Bc2 Bb7 12.O-O Qc7 13.dxe6 fxe6 14.Nd4 Nc5 15.Be3 O-O-O
16.Qe2 e5 17.Nf3 Ne6 18.Rfd1 Bc5 19.Nd5 Nxd5 20.exd5 Nf4 21.Bxf4 exf4 22.Bf5+ Kb8
23.Be6 Rhe8 24.Qe4 h6 25.a4 g5 26.axb5 axb5 27.h3 Qg7 28.Qe5+ Qxe5 29.Nxe5 Bxd5
30.Nd7+ Kc7 31.Nxc5 Bxe6 32.Rxd8 Kxd8 33.Ne4 Kc7 34.Ra7+ Kb6 35.Rh7 Bf5 36.Rxh6+ Ka5
37.Nd6 Re1+ 38.Kh2 Bd3 39.h4 gxh4 40.Rh5 Ka4 41.Nxb5 Kb3 42.Nd6 Re6 43.Rd5 Kxb2
44.Nxc4+ Bxc4 45.Rd4 Kc3 46.Rxf4 Rh6 47.g3 hxg3+ 48.Kxg3 Kd3 49.Rf3+ Kd4
50.Rf4+ Kd5 51.Rf5+ Ke6 52.Ra5 Rh8 53.f4 Kf6 54.Rc5 Be6 55.Rc6 Rh3+ 56.Kg2 Ra3
57.Rc5 Bg4 58.Kf2 Rb3 59.Ra5 Bc8 60.Rc5 Bb7 61.Ke2 Be4 62.Re5 Bc6 63.Rc5 Bf3+
64.Kf2 Bg4 65.Ra5 Rf3+ 66.Ke1 Rxf4 67.Kd2 Rd4+ 68.Ke3 Rd8 69.Ra6+ Kg5 70.Ra4 Bf5
71.Rd4 Re8+ 72.Kd2 Be4 73.Rb4 Kf4 74.Rb2 Rh8 75.Kc3 Ke3 76.Kb4 Kd4 77.Rd2+ Bd3
78.Rb2 Ra8 79.Kb3 Rc8 80.Kb4 Bc2 81.Ka3 Ra8+ 82.Kb4 Kd3 83.Kc5 Kc3 84.Rb7 Bd3
85.Kd6 Kd4 86.Ke7 Ke5 87.Rc7 Be4 88.Rc5+ Bd5 89.Rc7 Rh8 90.Kd7 Rh6 91.Ke7 Bc6
92.Kd8 Kd6 93.Rd7+ Kc5 94.Rg7 Re6 95.Kc7 Re8 96.Rg5+ Bd5 97.Rg7 Rh8 98.Re7 Ra8
99.Kd7 Ra6 100.Kc7 Kb5 101.Re5 Kc4 102.Re7 Kd4 103.Kd8 Bc6 104.Kc7 Kd5 105.Kd8 Kd6
106.Rd7+ Kc5 107.Rg7 Ra1 108.Ke7 Bd7 109.Rg5+ Kc6 110.Rg3 Re1+ 111.Kf6 Be6
112.Kg5 Kd6 113.Rd3+ Ke5 114.Rg3 Bd5 115.Kh4 Rf1 116.Kg5 Rf4 117.Re3+  1/2-1/2

[Event "ch-AUT"]
[Site "Linz AUT"]
[Date "2011.07.30"]
[Round "8"]
[White "Ganaus,H"]
[Black "Loidl,F"]
[Result "1-0"]
[WhiteElo "2287"]
[BlackElo "2174"]

1.d4 d5 2.c4 c6 3.e3 Nf6 4.Nc3 e6 5.Nf3 Bd6 6.Qc2 O-O 7.Be2 Nbd7 8.O-O dxc4
9.Bxc4 Qe7 10.Bd2 e5 11.Bb3 e4 12.Ng5 Bxh2+ 13.Kxh2 Ng4+ 14.Kg1 Qxg5 15.Qxe4 Ndf6
16.Qf4 Qxf4 17.exf4 Be6 18.f3 Bxb3 19.axb3 Nh6 20.g4 Nd5 21.Nxd5 cxd5 22.f5 a6
23.Rfc1 Rfc8 24.Rxc8+ Rxc8 25.Ra5 Rd8 26.Rc5 f6 27.Bxh6 gxh6 28.Rc7 Rd6 29.Rxb7 Rc6
30.Kf2 Rc2+ 31.Kg3 Rd2 32.Rb6 Kg7 33.Rxa6 Rxd4 34.Ra7+ Kg8 35.Rb7 Rd2 36.Kf4 Re2
37.b4 Rxb2 38.b5 Rb4+ 39.Ke3 Rb3+ 40.Kd4 h5 41.gxh5 Rxf3 42.b6 Rf4+ 43.Kc5 Rxf5
44.h6 d4+ 45.Kc4 Rf1 46.Rg7+ Kh8 47.b7 Rb1 48.Rc7 Kg8 49.Kxd4  1-0

[Event "Czech GM Open A"]
[Site "Pardubice CZE"]
[Date "2011.07.30"]
[Round "9.78"]
[White "Kjartansson,G"]
[Black "Bartos,J"]
[Result "1/2-1/2"]
[WhiteElo "2310"]
[BlackElo "2215"]

1.Nf3 d5 2.c4 c6 3.e3 Nf6 4.Nc3 e6 5.d4 Nbd7 6.Bd3 dxc4 7.Bxc4 b5 8.Bd3 Bd6
9.O-O O-O 10.a3 Bb7 11.Qc2 a6 12.e4 e5 13.b4 exd4 14.Nxd4 Ne5 15.Be2  1/2-1/2

[Event "26th Avoine Open"]
[Site "Avoine FRA"]
[Date "2011.07.31"]
[Round "9"]
[White "Maleki,Ma"]
[Black "Berescu,A"]
[Result "0-1"]
[WhiteElo "2275"]
[BlackElo "2465"]

1.Nf3 d5 2.d4 Nf6 3.c4 c6 4.e3 e6 5.Nc3 Nbd7 6.Qc2 Bd6 7.b3 a6 8.Bb2 e5 9.Be2 e4
10.Nd2 O-O 11.g4 b5 12.cxd5 cxd5 13.g5 b4 14.Na4 Ne8 15.Qc6 Rb8 16.Qxd5 Bb7
17.Qf5 Qe7 18.Rc1 g6 19.Qg4 Ng7 20.Nc4 f5 21.Qh4 f4 22.Nxd6 Qxd6 23.Nc5 Bd5
24.Nxd7 Qxd7 25.Rc5 Ne6 26.Rxd5 Qxd5 27.Bc4 Qd6 28.exf4 Rbc8 29.f5 Rxf5 30.Qxe4 Kf8
31.Kd1 Nxg5 32.Qb7 Re8 33.h4 Ne4 34.Qxh7 Nxf2+ 35.Kc2 Nxh1 36.d5 Rf2+ 37.Kd1 Rxb2
38.Qh8+ Ke7 39.Qxb2 Ng3  0-1

[Event "Politiken Cup"]
[Site "Helsingor DEN"]
[Date "2011.07.31"]
[Round "2.104"]
[White "Bratteteig,Tore-Inge"]
[Black "Munk,Po"]
[Result "0-1"]
[WhiteElo "1671"]
[BlackElo "1942"]

1.d4 d5 2.Nf3 Nf6 3.c4 c6 4.e3 e6 5.Nc3 Nbd7 6.Bd3 dxc4 7.Bxc4 b5 8.Bd3 Bb7
9.a3 b4 10.axb4 Bxb4 11.O-O O-O 12.Qe2 a5 13.Bd2 c5 14.Rfd1 Qe7 15.Be1 Rfd8
16.Na4 cxd4 17.Nxd4 Ne5 18.Bb5 Rac8 19.Rac1 Bxe1 20.Qxe1 Qb4 21.Rxc8 Rxc8
22.Rc1 Qxe1+ 23.Rxe1 Ne4 24.f3 Nd6 25.Bf1 g6 26.Ra1 Nec4 27.Rc1 Nxe3 28.Rxc8+ Nxc8
29.Bb5 Nd6 30.Bd3 e5 31.Nb3 Nec4 32.Nbc5 Bc6 33.b3 Ne3 34.Kf2 Nd5 35.Ne4 Nf5
36.Nd2 Nd6 37.Nc4 Nxc4 38.Bxc4 Nc7 39.Nc3 Kf8 40.Ke3 Ke7 41.g3 f5 42.Bg8 h6
43.h4 Kf6 44.Bc4 g5 45.hxg5+ hxg5 46.Bd3 Nd5+ 47.Kd2 Nxc3 48.Kxc3 Bxf3  0-1

[Event "Politiken Cup"]
[Site "Helsingor DEN"]
[Date "2011.07.31"]
[Round "3.93"]
[White "Carnstam,T"]
[Black "Erikstad,O"]
[Result "1-0"]
[WhiteElo "2062"]
[BlackElo "1844"]

1.c4 c6 2.Nf3 d5 3.e3 Nf6 4.Nc3 e6 5.d4 Nbd7 6.Bd3 dxc4 7.Bxc4 b5 8.Bd3 a6
9.e4 c5 10.Bc2 cxd4 11.Nxd4 Bb7 12.f3 Bd6 13.Nxe6 Qb6 14.Nxg7+ Kf8 15.Nf5 Bxh2
16.Bh6+ Ke8 17.Kf1 Be5 18.Bb3 Rd8 19.Qe2 Bxc3 20.bxc3 Ne5 21.Be3 Qc7 22.Bd4 Kf8
23.Qe3 h5 24.Bb6 Qd7 25.Bxd8 Qxd8 26.Qc5+ Kg8 27.Qxe5 Qd3+ 28.Kg1 Nd7 29.Qg7+  1-0

[Event "Politiken Cup"]
[Site "Helsingor DEN"]
[Date "2011.07.31"]
[Round "3.21"]
[White "Johannessen,LE"]
[Black "Willumsen,H"]
[Result "1-0"]
[WhiteElo "2496"]
[BlackElo "2194"]

1.d4 d5 2.c4 c6 3.Nf3 Nf6 4.Nc3 e6 5.e3 Nbd7 6.Qc2 Bd6 7.Bd3 O-O 8.O-O dxc4
9.Bxc4 b5 10.Bd3 Bb7 11.a3 Qb8 12.b4 a5 13.Rb1 axb4 14.axb4 Nb6 15.e4 e5
16.Ne2 Nc4 17.Bxc4 bxc4 18.dxe5 Bxe5 19.Nxe5 Qxe5 20.f3 Rfd8 21.Bb2 Qe7 22.Nd4 Rd7
23.Qxc4 Ba6 24.Qxc6 Qd8 25.b5 Bb7 26.Qc3 Qb6 27.Kh1 Rc8 28.Qe3 Rcd8 29.Nf5 Qxb5
30.Qg5  1-0

[Event "Politiken Cup"]
[Site "Helsingor DEN"]
[Date "2011.07.31"]
[Round "3.65"]
[White "Tandrup,M"]
[Black "Nielsen,JB"]
[Result "0-1"]
[WhiteElo "1917"]
[BlackElo "2140"]

1.d4 d5 2.c4 e6 3.Nf3 c6 4.e3 Nf6 5.Nc3 Nbd7 6.Bd3 dxc4 7.Bxc4 b5 8.Bd3 a6
9.O-O c5 10.b3 Bb7 11.Qe2 Be7 12.Bb2 Qb6 13.dxc5 Nxc5 14.Bc2 b4 15.Nb1 Rc8
16.Nbd2 O-O 17.Nc4 Qb5 18.Nd4 Qe8 19.f3 Qd8 20.Rad1 Qc7 21.Bb1 Rfe8 22.Qe1 Na4
23.Ba1 Nd5 24.Kh1 Nac3 25.Bxc3 Nxc3 26.Rc1 Bf6 27.Ne2 Nxb1 28.Rxb1 a5 29.Rc1 Ba6
30.Qg3 Red8 31.Qg4 Rd5 32.h4 Rc5 33.Ng3 Bxc4 34.bxc4 Rxc4 35.Rxc4 Qxc4 36.Qxc4 Rxc4
37.h5 Rc2 38.Ne4 Rxa2 39.h6 Be5 40.f4 Ra1  0-1

[Event "15th HZ Open"]
[Site "Vlissingen NED"]
[Date "2011.07.31"]
[Round "2"]
[White "Ortmann,D"]
[Black "Peeters,M"]
[Result "1-0"]
[WhiteElo "2322"]
[BlackElo "1995"]

1.Nf3 d5 2.d4 Nf6 3.c4 c6 4.Nc3 e6 5.e3 Nbd7 6.Bd3 dxc4 7.Bxc4 b5 8.Bd3 Bb7
9.O-O a6 10.e4 Be7 11.e5 Nd5 12.Nxd5 cxd5 13.g3 O-O 14.Re1 Qb6 15.Ng5 h6
16.Nh3 f5 17.exf6 Bxf6 18.Be3 Qd6 19.Qg4 e5 20.Bxh6 e4 21.Bf4 Qe7 22.Rac1 Bc8
23.Qh5 Qf7 24.Qxf7+ Rxf7 25.Bf1 Bxd4 26.Ng5 Re7 27.Rcd1 Bxb2 28.Rxd5 Bb7
29.Rd6 Ba3 30.Bh3 Nc5 31.Rd4 Bb2 32.Rd6 Bc8 33.Rd8+  1-0

[Event "Pays de Charleroi Open"]
[Site "Charleroi BEL"]
[Date "2011.08.01"]
[Round "3.21"]
[White "Geboers,J"]
[Black "Meskens,Stephan"]
[Result "0-1"]
[WhiteElo "1968"]
[BlackElo "1810"]

1.d4 d5 2.c4 c6 3.Nc3 Nf6 4.e3 e6 5.Nf3 Bd6 6.Bd3 Nbd7 7.O-O b6 8.e4 dxe4
9.Nxe4 Nxe4 10.Bxe4 Bb7 11.Qd3 h6 12.Qe2 Nf6 13.Bc2 Qc7 14.h3 O-O-O 15.Be3 c5
16.dxc5 Bxc5 17.Bxc5 Qxc5 18.Rad1 Rxd1 19.Rxd1 Rd8 20.Rxd8+ Kxd8 21.Ne5 Ke7
22.a3 a5 23.Kh1 Qd4 24.Bd3 Ne4 25.Bxe4 Bxe4 26.Nf3 Bxf3 27.gxf3 f5 28.Kg2 g5
29.b3 e5 30.Qe3 Kd6 31.Qxd4+ exd4 32.b4 Ke5 33.Kf1 axb4 34.axb4 h5 35.Ke2 h4
36.f4+ Kxf4 37.f3 g4 38.fxg4 fxg4 39.hxg4 h3  0-1

[Event "112th US Open"]
[Site "Orlando USA"]
[Date "2011.08.01"]
[Round "5"]
[White "Kelley,D"]
[Black "Sundararajan,K"]
[Result "0-1"]
[WhiteElo "2203"]
[BlackElo "2491"]

1.d4 d5 2.c4 c6 3.Nc3 Nf6 4.e3 e6 5.Nf3 Nbd7 6.Qc2 Bd6 7.Bd3 O-O 8.O-O dxc4
9.Bxc4 b5 10.Be2 Bb7 11.Rd1 Qc7 12.e4 e5 13.Bg5 b4 14.dxe5 Nxe5 15.Bxf6 gxf6
16.Na4 Nxf3+ 17.Bxf3 Bxh2+ 18.Kh1 Qf4 19.Qc5 Qh4 20.Qh5 Qxh5 21.Bxh5 Be5
22.Nc5 Bc8 23.Rd2 Rb8 24.Be2 f5 25.Bd3 Rd8 26.Rad1 Bf4 27.Re2 Rb5 28.Rc2 fxe4
29.Nxe4 Re5 30.Rc4 Kg7 31.Nc5 Rh5+ 32.Kg1 Bh2+ 33.Kf1 Bd6 34.Ne4 Rh1+ 35.Ke2 Rxd1
36.Kxd1 Be7  0-1

[Event "15th HZ Open"]
[Site "Vlissingen NED"]
[Date "2011.08.01"]
[Round "4"]
[White "Smeets,J"]
[Black "Sveshnikov,V"]
[Result "1-0"]
[WhiteElo "2628"]
[BlackElo "2407"]

1.d4 d5 2.c4 c6 3.Nf3 Nf6 4.Nc3 e6 5.e3 Nbd7 6.Qc2 Bd6 7.Bd3 O-O 8.O-O dxc4
9.Bxc4 e5 10.h3 exd4 11.exd4 Nb6 12.Bb3 Nbd5 13.Bg5 Be6 14.Ne4 Be7 15.Nc5 Bxc5
16.dxc5 h6 17.Bh4 Nb4 18.Qc3 Bxb3 19.Qxb3 Nbd5 20.Qxb7 Qa5 21.Ne5 Qxc5 22.Nxc6 Rfe8
23.Rac1 Qb6 24.Qxb6 axb6 25.Bxf6 Nxf6 26.a3 Re2 27.Rb1 Rc8 28.Nd4 Re4 29.Rfd1 Rc4
30.Nf3 Re2 31.Re1 Rcc2 32.Rxe2 Rxe2 33.Kf1 Rc2 34.Nd4 Rd2 35.Ne2 Ne4 36.Ke1 Rc2
37.f3 Nc5 38.Kd1 Rc4 39.b3 Rh4 40.b4 Nd3 41.Kc2 Ne5 42.Kb3 Nc4 43.Re1 Ne5
44.Rd1 Kf8 45.Rd4 Rxd4 46.Nxd4 Nd3 47.Kc4  1-0

[Event "50th World Juniors"]
[Site "Chennai IND"]
[Date "2011.08.02"]
[Round "1.7"]
[White "Ashwath,R"]
[Black "Hovhannisyan,R"]
[Result "1/2-1/2"]
[WhiteElo "2259"]
[BlackElo "2556"]

1.d4 d5 2.c4 e6 3.Nf3 Nf6 4.Nc3 c6 5.e3 Nbd7 6.Qc2 Bd6 7.b3 O-O 8.Be2 b6
9.Bb2 Bb7 10.O-O Qe7 11.e4 dxe4 12.Nxe4 Nxe4 13.Qxe4 f5 14.Qh4 Qxh4 15.Nxh4 g5
16.Nf3 g4 17.Ne5 Nxe5 18.dxe5 Be7 19.g3 Rfd8 20.Bc1 Rd7 21.Be3 Rad8 22.Rad1 Bb4
23.f4 gxf3 24.Bxf3 Bc3 25.Rxd7 Rxd7 26.Bf4 c5 27.Bxb7 Rxb7 28.Rd1 Bd4+ 29.Kg2 a6
30.Rd3 b5 31.cxb5 axb5 32.b4 Ra7 33.a3 Kf7 34.Kh3 Bb2 35.bxc5 Bxa3 36.c6 Be7
37.Rb3 b4 38.Bd2 Ra6 39.Bxb4 Bxb4 40.Rxb4 Rxc6 41.Rb7+ Kg6 42.Re7 h6 43.Kh4 Ra6
44.Kh3 Kh5 45.Re8 Rb6 46.Re7 Kg6 47.Kh4 h5 48.Kh3 Kg5 49.Rg7+ Kh6 50.Re7 Kg5
51.Rg7+ Kh6  1/2-1/2

[Event "29th World Junior Girls"]
[Site "Chennai IND"]
[Date "2011.08.03"]
[Round "2.2"]
[White "Savina,A"]
[Black "Forestier,C"]
[Result "0-1"]
[WhiteElo "2398"]
[BlackElo "2101"]

1.d4 d5 2.c4 c6 3.Nc3 Nf6 4.e3 e6 5.Nf3 a6 6.Qc2 c5 7.cxd5 exd5 8.a3 Nc6
9.Be2 Be6 10.O-O c4 11.Rd1 Na5 12.Ng5 Nb3 13.Rb1 Bd7 14.e4 h6 15.Nf3 Qc8
16.Ne5 Be6 17.Nxd5 Nxd5 18.Bxc4 Nxc1 19.exd5 Bf5 20.Qxc1 Bxb1 21.d6 Bf5 22.Nxf7 Rh7
23.Re1+ Kd7 24.Qf4 Kc6 25.d7 Bxd7 26.Bd3 Kb6 27.Bxh7 Ka7 28.Ne5 Bb5 29.Rc1 Qe6
30.Bf5 Qd5 31.h3 Rd8 32.Be4 Qxd4 33.Rc7 Rb8 34.Qe3 Qxe3 35.fxe3 Bd6 36.Rxg7 Bxe5
37.Rh7 Bxb2 38.Rxh6 Bxa3 39.Rh7 a5 40.h4 a4 41.Bd5 Bb2 42.g4 Ka6 43.g5 Bc6
44.Ba2 Rh8 45.Rxh8 Bxh8 46.h5 Be4  0-1

[Event "50th World Juniors"]
[Site "Chennai IND"]
[Date "2011.08.03"]
[Round "2.59"]
[White "Surendran,N"]
[Black "Arun,J"]
[Result "1-0"]
[WhiteElo "2187"]
[BlackElo "2018"]

1.d4 Nf6 2.Nf3 e6 3.c4 d5 4.Nc3 c6 5.e3 Nbd7 6.Qc2 Bd6 7.Bd3 dxc4 8.Bxc4 b5
9.Bd3 Bb7 10.O-O a6 11.e4 e5 12.h3 O-O 13.dxe5 Nxe5 14.Nxe5 Bxe5 15.Be3 Qe7
16.Ne2 Rfd8 17.Rad1 Bd6 18.Nd4 g6 19.Nb3 Nd7 20.Na5 Ne5 21.Nxb7 Qxb7 22.Be2 f6
23.f4 Nf7 24.e5 fxe5 25.f5 Nh8 26.fxg6 hxg6 27.Bf3 Qe7 28.Qxc6 Rac8 29.Qxa6 e4
30.Bg4 Rc2 31.Qxb5 Kh7 32.Rd5 Qh4 33.Rxd6 Rxd6 34.Qb7+ Kg8 35.Qb3+ Kh7 36.Qxc2  1-0

[Event "50th World Juniors"]
[Site "Chennai IND"]
[Date "2011.08.03"]
[Round "2.45"]
[White "Rojas Alarcon,J"]
[Black "Jefic,S"]
[Result "1/2-1/2"]
[WhiteElo "2291"]
[BlackElo "2143"]

1.d4 d5 2.c4 c6 3.Nf3 Nf6 4.e3 e6 5.Nc3 Nbd7 6.Qc2 Be7 7.Bd3 dxc4 8.Bxc4 b5
9.Bd3 Bb7 10.O-O a6 11.Rd1 c5 12.dxc5 Bxc5 13.Ng5 Rc8 14.a3 h6 15.Nge4 Be7
16.Nxf6+ Bxf6 17.Qe2 O-O 18.e4 Qc7 19.f4 Bxc3 20.bxc3 e5 21.f5 Qxc3 22.Be3 Nf6
23.Rdc1 Qa5 24.Qb2 Qd8 25.Rxc8 Qxc8 26.Qxe5 Re8 27.Qg3 Qc3 28.Rd1 Bxe4 29.Bxh6 Nh5
30.Qe1 Qxe1+ 31.Rxe1 gxh6 32.Rxe4 Rxe4 33.Bxe4 Nf6 34.Bf3 Kf8 35.Kf2 Ke7
36.Ke3 Kd6 37.Kd4 Nd7 38.g4 f6 39.h3 Nb6 40.Be2 Nd5 41.h4 Ne7 42.Bf3 Nc6+
43.Ke4 Ne5 44.Be2 Nd7 45.Kf4 Kd5 46.g5 fxg5+ 47.hxg5 hxg5+ 48.Kxg5 Ke5 49.Kg6 Nf6  1/2-1/2